[Event "AUTO-OPEN-3873"]
[Site "http://www.queenalice.com/game.php?id=1539572"]
[Date "2018.8.20"]
[Round "3"]
[White "clovis"]
[Black "TomasBlack"]
[Result "0-1"]
[WhiteElo "1991"]
[BlackElo "2333"]

1. e4 c5 2. Nf3 d6 3. d4 cxd4 4. Nxd4 Nf6 5. Bb5+ Bd7 6. Nc3 Bxb5 7. Ndxb5 a6 8.
Nd4 g6 9. O-O Nbd7 10. Kh1 Rc8 11. f4 Bg7 12. f5 O-O 13. fxg6 hxg6 14. Bg5 Rc5
15. Nf3 Qc8 16. Nd4 Rxg5 17. Nf3 Rc5 18. Qe2 e6 19. Rad1 Ne8 20. Rd3 Bxc3 21.
bxc3 Rxc3 22. Qe3 Rxc2 23. Qh6 Qc4 24. Ng5 Nef6 25. Rdf3 Rc1 26. Rxf6 Rxf1+ 0-1

[Event "Challenge"]
[Site "http://www.queenalice.com/game.php?id=1542280"]
[Date "2018.9.15"]
[Round "-"]
[White "Mulder"]
[Black "TomasBlack"]
[Result "1-0"]
[WhiteElo "2535"]
[BlackElo "2314"]

1. d4 c6 2. c4 Nf6 3. Nc3 d5 4. e3 Bf5 5. Nf3 e6 6. Nh4 Bg4 7. Qb3 Qb6 8. h3 Bh5
9. g4 g5 10. Nf3 Bg6 11. Nxg5 Na6 12. Be2 h5 13. gxh5 Bxh5 14. cxd5 Bxe2 15.
Qxb6 axb6 16. Kxe2 exd5 17. a3 Bh6 18. Nf3 O-O-O 19. Bd2 Rde8 20. h4 Rh7 21. Ng5
Bxg5 22. hxg5 Rxh1 23. Rxh1 Ne4 24. Nxe4 dxe4 25. Rh7 Rf8 26. f4 exf3+ 27. Kxf3
f6 28. g6 Rg8 29. Rh6 f5 30. Kf4 Nc7 31. Kxf5 Ne8 32. Ke6 Kd8 33. e4 Rg7 34.
Bg5+ Kc7 35. Rh7 Rxh7 36. gxh7 1-0

[Event "AUTO-OPEN-3870"]
[Site "http://www.queenalice.com/game.php?id=1550835"]
[Date "2018.11.27"]
[Round "3"]
[White "TomasBlack"]
[Black "ignacius_01"]
[Result "0-1"]
[WhiteElo "2285"]
[BlackElo "2053"]

1. e4 c5 2. Nf3 a6 3. d4 cxd4 4. Nxd4 d6 5. Nc3 Nc6 6. Nb3 e5 7. Be3 Nf6 8. Qf3
Be7 9. O-O-O Bg4 10. Qg3 Bxd1 11. Qxg7 Rg8 12. Qh6 Bh5 13. Bc4 Rg6 14. Bxf7+
Kxf7 15. Qxg6+ Bxg6 16. f3 Nh5 0-1

[Event "AUTO-OPEN-3870"]
[Site "http://www.queenalice.com/game.php?id=1550836"]
[Date "2018.11.27"]
[Round "3"]
[White "ignacius_01"]
[Black "TomasBlack"]
[Result "1-0"]
[WhiteElo "2026"]
[BlackElo "2305"]

1. d4 e6 2. c4 c5 3. d5 exd5 4. cxd5 Nf6 5. e3 d6 6. Be2 Bf5 7. Nc3 Be7 8. Nf3
Nbd7 9. Nh4 Bg6 10. Nxg6 hxg6 11. e4 Ne5 12. Qa4+ Nfd7 13. Bf4 a6 14. Bxe5 dxe5
15. Bg4 b5 16. Qc2 1-0

[Event "Challenge"]
[Site "http://www.queenalice.com/game.php?id=1595262"]
[Date "2020.1.5"]
[Round "-"]
[White "TomasBlack"]
[Black "ArnoBlack"]
[Result "1-0"]
[WhiteElo "2275"]
[BlackElo "2281"]

1. e4 e5 2. Nf3 Nc6 3. d4 exd4 4. Nxd4 Nxd4 5. Qxd4 d5 6. Nc3 Ne7 7. Bd3 f5 8.
e5 b6 9. O-O Be6 10. Qa4+ Qd7 11. Qa6 Qc8 12. Bb5+ c6 13. Qxc8+ Rxc8 14. Ba6 Rb8
15. Be3 h6 16. a4 Bc8 17. Be2 Be6 18. Bf3 g5 19. Bh5+ Kd7 20. f4 Bg7 21. Rad1
Kc7 22. b4 g4 23. Ra1 Ra8 24. Rfb1 Rhb8 25. b5 c5 26. a5 Nc8 27. Be8 a6 28. Bc6
Ra7 29. axb6+ Kxb6 30. Na4+ Kc7 31. Bxc5 Bd7 32. Bxa7 Nxa7 33. b6+ Kxc6 34. bxa7
Ra8 35. Rb6+ Kc7 36. Rxa6 Bf8 37. Kh1 Bxa4 38. R6xa4 h5 39. c4 Bc5 40. cxd5 Kd8
41. g3 Bd4 42. Rxd4 1-0

[Event "Challenge"]
[Site "http://www.queenalice.com/game.php?id=1595263"]
[Date "2020.1.5"]
[Round "-"]
[White "ArnoBlack"]
[Black "TomasBlack"]
[Result "0-1"]
[WhiteElo "2294"]
[BlackElo "2262"]

1. e4 c5 2. b3 d6 3. Bb2 e6 4. d4 Nf6 5. d5 Nxe4 6. f3 Nf6 7. Nc3 h6 8. Bc4 Be7
9. Qe2 e5 10. Ne4 Bf5 11. g4 Bh7 12. O-O-O a6 13. Qe3 b5 14. Bd3 Qa5 15. a3 b4
16. a4 Nbd7 17. Ne2 O-O 18. g5 Nxd5 19. Qf2 Bxe4 20. fxe4 Bxg5+ 21. Kb1 Nc3+ 22.
Nxc3 bxc3 23. Ba3 Nb6 24. Ka2 Nxa4 25. Bc4 Nb2 26. Rdf1 Nxc4 27. bxc4 Qa4 28. h4
Qxc4+ 0-1

[Event "AUTO-MASTER-2913"]
[Site "http://www.queenalice.com/game.php?id=1596828"]
[Date "2020.1.20"]
[Round "1"]
[White "TomasBlack"]
[Black "Alexandrovinsk"]
[Result "1-0"]
[WhiteElo "2295"]
[BlackElo "2192"]

1. c4 Nf6 2. Nc3 g6 3. d4 Bg7 4. Nf3 O-O 5. Bf4 d6 6. Qc2 Nc6 7. a3 a6 8. O-O-O
Rb8 9. e4 Nh5 10. Be3 e5 11. dxe5 Nxe5 12. Be2 Nxf3 13. Bxf3 Nf6 14. Ba7 Ra8 15.
Be3 Be6 16. Nd5 Bxd5 17. cxd5 c6 18. dxc6 bxc6 19. Kb1 Rb8 20. Bd4 Qc7 21. Rhe1
Ne8 22. Bxg7 Nxg7 23. e5 dxe5 24. Qxc6 Qa5 25. Re3 Nf5 26. Rd5 Rb5 27. Rexe5
Rxd5 28. Rxd5 Qe1+ 29. Rd1 Qxf2 30. Qxa6 Ne3 31. Rc1 Nxg2 32. Qe2 Qxe2 33. Bxe2
Rb8 34. a4 Ne3 35. a5 Ra8 36. a6 Ra7 37. Rc8+ Kg7 38. b4 1-0

[Event "AUTO-MASTER-2913"]
[Site "http://www.queenalice.com/game.php?id=1596829"]
[Date "2020.1.20"]
[Round "1"]
[White "Alexandrovinsk"]
[Black "TomasBlack"]
[Result "0-1"]
[WhiteElo "2168"]
[BlackElo "2287"]

1. d4 e6 2. c4 c5 3. e3 Nf6 4. Nf3 h6 5. Nc3 d5 6. Be2 a6 7. O-O Qc7 8. b3 cxd4
9. exd4 Nc6 10. h3 Be7 11. Bb2 O-O 12. Bd3 dxc4 13. bxc4 Rd8 14. a3 Nh5 15. d5
Na5 16. Qc2 Nf4 17. Nd2 b5 18. cxb5 axb5 19. Bxb5 Rxd5 20. Rac1 Rg5 21. Nce4
Qxc2 22. Rxc2 Rxb5 0-1

[Event "AUTO-MASTER-2913"]
[Site "http://www.queenalice.com/game.php?id=1596830"]
[Date "2020.1.20"]
[Round "1"]
[White "TomasBlack"]
[Black "ReyFeroz"]
[Result "0-1"]
[WhiteElo "2249"]
[BlackElo "2102"]

1. c4 c5 2. Nc3 Nc6 3. e3 Nf6 4. d4 cxd4 5. exd4 d5 6. f3 g6 7. Qc2 Nxd4 8. Qd3
e5 9. Bg5 dxc4 10. Qd2 Be6 11. Rd1 Bg7 12. Nge2 h6 13. Be3 Nf5 14. Qxd8+ Rxd8
15. Rxd8+ Kxd8 16. Bxa7 Kd7 17. Bf2 Kc6 18. g4 Nd6 19. Bg2 Kc7 20. O-O b5 21.
Rd1 b4 22. Bc5 bxc3 23. Bxd6+ Kc6 24. Nxc3 Nd5 25. Ba3 Nf4 26. Rd6+ Kb7 27. Rd2
f5 28. Bf1 Bf8 29. Bxf8 Rxf8 30. gxf5 gxf5 31. Kf2 Kc6 32. a3 Rb8 33. b4 cxb3
34. a4 Kc5 35. Bb5 Kb4 36. Rb2 Kxc3 37. Rxb3+ Bxb3 38. Bd3 Nxd3+ 39. Ke3 Bxa4
40. h3 Rb2 41. f4 e4 42. h4 Bd1 43. h5 Re2# 0-1

[Event "AUTO-MASTER-2913"]
[Site "http://www.queenalice.com/game.php?id=1596831"]
[Date "2020.1.20"]
[Round "1"]
[White "ReyFeroz"]
[Black "TomasBlack"]
[Result "1-0"]
[WhiteElo "2078"]
[BlackElo "2267"]

1. c4 c5 2. Nc3 e6 3. Nf3 Nc6 4. g3 d5 5. cxd5 exd5 6. d4 Nf6 7. Bg2 Bg4 8. dxc5
Bxc5 9. Bg5 Qb6 10. O-O Ne4 11. Nxd5 Qa5 12. Bf4 O-O 13. Ne5 Nxe5 14. Bxe5 Rfe8
15. Bxe4 Rxe5 16. Nc3 Rae8 17. a3 Qb6 18. Qc2 Bd4 19. Bxh7+ Kf8 20. Bd3 Bh3 21.
e3 Qc6 22. e4 Bxf1 23. Rxf1 Bxc3 24. bxc3 b5 25. Qb2 a6 26. Qb4+ Kg8 27. Rc1 Rd8
28. Bb1 Qh6 29. Qb2 Rd2 30. Qb4 Rxf2 31. Kxf2 Qxh2+ 32. Kf3 Qh5+ 33. Kf2 f5 34.
Qb3+ Kh7 35. Kg2 Qe2+ 36. Kg1 Qe3+ 37. Kg2 Qxg3+ 38. Kxg3 Rxe4 39. Bxe4 g5 40.
Qf7+ Kh6 41. Rh1# 1-0

[Event "AUTO-MASTER-2913"]
[Site "http://www.queenalice.com/game.php?id=1596832"]
[Date "2020.1.20"]
[Round "1"]
[White "TomasBlack"]
[Black "Scharlatan"]
[Result "0-1"]
[WhiteElo "2304"]
[BlackElo "2066"]

1. c4 Nf6 2. Nc3 g6 3. d4 Bg7 4. Nf3 O-O 5. Bf4 d6 6. h3 Nbd7 7. Qc2 c6 8. Ng5
h6 9. Nf3 Re8 10. e4 e5 11. dxe5 Nxe5 12. Be2 d5 13. cxd5 Nxf3+ 14. Bxf3 cxd5
15. O-O Nxe4 16. Bxe4 dxe4 17. Rad1 Qh4 18. Bh2 Bf5 19. Qc1 Bf6 20. Bg3 Qh5 21.
Nd5 Bg5 22. Bf4 Re6 23. Bxg5 hxg5 24. Nc7 Rc6 25. Nxa8 Rxc1 26. Rd8+ Kg7 27.
Rxc1 g4 28. Rc7 gxh3 29. g3 Qf3 30. Rxf7+ Kxf7 31. Rd7+ Bxd7 32. Nb6 Qg2# 0-1

[Event "AUTO-MASTER-2913"]
[Site "http://www.queenalice.com/game.php?id=1596833"]
[Date "2020.1.20"]
[Round "1"]
[White "Scharlatan"]
[Black "TomasBlack"]
[Result "1-0"]
[WhiteElo "2101"]
[BlackElo "2285"]

1. e4 c5 2. Nf3 e6 3. d4 Nf6 4. e5 Nd5 5. c4 Nb6 6. d5 d6 7. Nc3 Qc7 8. Nb5 Qd8
9. dxe6 Bxe6 10. exd6 Na6 11. Ng5 Qf6 12. Nxe6 Qxe6+ 13. Be2 Rd8 14. Bf4 Be7 15.
Qb3 Bf6 16. O-O O-O 17. Bf3 Qxc4 18. Qxc4 Nxc4 19. Rae1 Nb4 20. b3 a6 21. bxc4
axb5 22. Re7 bxc4 23. Rxb7 Nxa2 24. d7 g5 25. Bd6 Rxd7 26. Rxd7 Re8 27. Bd5 Re2
28. Bxf7+ Kh8 29. Bxc4 Rxf2 30. Kxf2 Bd4+ 31. Kg3 Bf2+ 32. Rxf2 g4 33. Be5# 1-0

[Event "noroc2021"]
[Site "http://www.queenalice.com/game.php?id=1645599"]
[Date "2021.3.4"]
[Round "1"]
[White "Dangermouse"]
[Black "TomasBlack"]
[Result "1-0"]
[WhiteElo "2065"]
[BlackElo "2236"]

1. d4 e6 2. e4 Nc6 3. Nf3 a6 4. d5 exd5 5. exd5 Na7 6. c4 d6 7. Be2 Be7 8. O-O
Nf6 9. Nc3 O-O 10. Re1 Re8 11. Bg5 h6 12. Bf4 c6 13. Qb3 cxd5 14. cxd5 Rb8 15.
Bxa6 1-0